Finanzas básicas : domina el lenguaje, decide con datos, gestiona correctamente /

Bibliographic Details
Other Authors: Rodríguez, Ariela (Editor), Reverté, Ramón (Editor)
Format: Electronic eBook
Language:Spanish
Published: Barcelona : Reverté Management, [2020]
Series:Guías HBR.
Subjects:
Online Access:Digitalia Hispánica

MARC

LEADER 00000nam a2200000Ii 4500
001 DIGREVMGM0075
003 NyNyDIG
006 m o d
007 cr |||||||||||
008 220702s2020 sp o 000 0 spa d
035 |a (OCoLC)1334421308 
040 |a DGITA  |b eng  |e rda  |e pn  |c DGITA 
020 |a 9788429194029  |q pdf 
020 |a 9788429193985  |q ePub 
020 |z 9788494562969  |q papel 
050 1 4 |a HG152 ebook 
082 0 4 |a 658.15 
245 0 0 |a Finanzas básicas :  |b domina el lenguaje, decide con datos, gestiona correctamente /  |c editores, Ariela Rodríguez, Ramón Reverté. 
264 1 |a Barcelona :  |b Reverté Management,  |c [2020] 
300 |a 1 online resource. 
336 |a text  |b txt  |2 rdacontent 
337 |a computer  |b c  |2 rdamedia 
338 |a online resource  |b cr  |2 rdacarrier 
347 |a text file  |2 rdaft 
347 |b PDF 
490 1 |a Guías HBR 
500 |a "Guías indispensables del management"--Cover. 
588 0 |a Online resource; title from PDF title page (Digitalia, viewed July 2, 2022) 
650 0 |a Finance. 
650 0 |a Finance  |x Study and teaching. 
650 0 |a Finance, Personal  |x Study and teaching. 
650 0 |a Corporations  |x Finance. 
655 0 |a Electronic books. 
700 1 |a Rodríguez, Ariela,  |e editor. 
700 1 |a Reverté, Ramón,  |e editor. 
791 2 |a Digitalia (Firm),  |e distributor. 
793 0 |g Digitalia eBook Collection:  |a Reverté Management 
776 0 8 |i Print version:  |t Finanzas básicas.  |d Barcelona : Reverté Management, [2020]  |z 9788494562969 
830 0 |a Guías HBR. 
856 4 0 |3 Digitalia Hispánica  |u https://www.digitaliapublishing.com/a/67790/ 
910 |a Premium collection: 2022